Euripides, Women, and Sexuality. (Record no. 2217)

MARC details
000 -LEADER
fixed length control field 00351nam a22001217a 4500
005 - DATE AND TIME OF LATEST TRANSACTION
control field 20200910120403.0
008 - FIXED-LENGTH DATA ELEMENTS--GENERAL INFORMATION
fixed length control field 200910b ||||| |||| 00| 0 eng d
020 ## - INTERNATIONAL STANDARD BOOK NUMBER
International Standard Book Number 041501025X
040 ## - CATALOGING SOURCE
Transcribing agency CML
245 ## - TITLE STATEMENT
Title Euripides, Women, and Sexuality.
Statement of responsibility, etc. Powell, A.
260 ## - PUBLICATION, DISTRIBUTION, ETC.
Place of publication, distribution, etc. London
Name of publisher, distributor, etc. Routledge
Date of publication, distribution, etc. 1990
942 ## - ADDED ENTRY ELEMENTS (KOHA)
Source of classification or shelving scheme Dewey Decimal Classification
Koha item type Books
Edition 1st Edition
Classification part 882
Call number suffix POW

No items available.

Powered by Koha